000 00671nam a2200193Ia 4500
003 OSt
005 20251208121706.0
008 Pun
037 _cTB
040 _aARTS
_cARTS
_bPun
041 _2Pun
_aPun
100 _aਭੱਟੀ, ਸੁਰਜੀਤ ਸਿੰਘ
_9855177
245 0 _aਮਾਰਕਸਵਾਦੀ ਪੰਜਾਬੀ ਆਲੋਚਨਾ
260 _aਚੰਡੀਗੜਸ਼
_b ਪੰਜਾਬ ਪ੍ਰਕਾFਨ
_c1986
300 _a220ਪੰ
_ccm.
650 _aਪੰਜਾਬੀ ਸਾਹਿਤ
_9855178
942 _hO153:g(X:3M24), M5
_cTB
_2CC
_n0
999 _c371160
_d371160